000
00260nam a2200109Ia 4500
008
190907s9999||||xx |||||||||||||| ||und||
100
_a
David M. Burton
245
0
_a
Elementary Number Theory
260
_a
USA
_b
Marcel Dekker
_c
1998
300
_a
386
942
_c
BK
999
_c
6600
_d
6600